Infrastructure cost review (Record no. 112166)
[ view plain ]
| 000 -LEADER | |
|---|---|
| fixed length control field | 01040cad a22002055a 4500 |
| 001 - CONTROL NUMBER | |
| control field | L152688 |
| 008 - FIXED-LENGTH DATA ELEMENTS--GENERAL INFORMATION | |
| fixed length control field | 110412s2011 xxk f 000 0 eng d |
| 020 ## - INTERNATIONAL STANDARD BOOK NUMBER | |
| International Standard Book Number | 9781845328696 |
| 035 ## - SYSTEM CONTROL NUMBER | |
| System control number | (Sirsi) u152688 |
| 041 0# - LANGUAGE CODE | |
| Language code of text/sound track or separate title | eng |
| 110 2# - MAIN ENTRY--CORPORATE NAME | |
| Corporate name or jurisdiction name as entry element | United Kingdom |
| Subordinate unit | HM Treasury |
| 245 00 - TITLE STATEMENT | |
| Title | Infrastructure cost review |
| Remainder of title | implementation plan |
| Medium | [electronic resource] |
| 260 ## - PUBLICATION, DISTRIBUTION, ETC. | |
| Place of publication, distribution, etc. | London |
| Name of publisher, distributor, etc. | HM Treasury |
| Date of publication, distribution, etc. | 2011 |
| 520 ## - SUMMARY, ETC. | |
| Summary, etc. | The Infrastructure Cost Review published in December 2010 identified potential savings of £2bn-£3bn per annum from reducing the costs of delivery of the UK's economic infrastructure projects and programmes. This Implementation Plan sets out the measures to be taken by Government and industry to realise those savings. |
| 590 ## - LOCAL NOTE (RLIN) | |
| Local note | KA NTK |
| 651 #4 - SUBJECT ADDED ENTRY--GEOGRAPHIC NAME | |
| Geographic name | England and Wales |
| Chronological subdivision | 1543- |
| 690 ## - LOCAL SUBJECT ADDED ENTRY--TOPICAL TERM (OCLC, RLIN) | |
| Topical term or geographic name as entry element | PROPERTY-INFRASTRUCTURE |
| 856 40 - ELECTRONIC LOCATION AND ACCESS | |
| Uniform Resource Identifier | <a href="https://www.constructionproducts.org.uk/newsdesk/dbfiles/IUK%20Cost%20Review%20Implementation%20Plan%20March%202011.pdf">https://www.constructionproducts.org.uk/newsdesk/dbfiles/IUK%20Cost%20Review%20Implementation%20Plan%20March%202011.pdf</a> |
| Public note | View the document free of charge at www.hm-treasury.gov.uk |
| 942 ## - ADDED ENTRY ELEMENTS (KOHA) | |
| Suppress in OPAC | 0 |
| Withdrawn status | Lost status | Source of classification or shelving scheme | Damaged status | Not for loan | Home library | Current library | Shelving location | Date acquired | Total Checkouts | Full call number | Barcode | Date last seen | Copy number | Price effective from | Koha item type |
|---|---|---|---|---|---|---|---|---|---|---|---|---|---|---|---|
| Dewey Decimal Classification | Virtual | Virtual | Online | 12/04/2011 | ONLINE PUBLICATION | 152688-2001 | 06/08/2019 | 1 | 06/08/2019 | Book |